[Event "SVK-chT2B 2324"]
[Site "Slovakia"]
[Date "2024.02.10"]
[Round "8.8"]
[White "Zahorsky, Robert"]
[Black "Sopko, Rudolf"]
[Result "1-0"]
[WhiteElo "1882"]
[BlackElo "1637"]
[PlyCount "91"]
[EventDate "2023.10.07"]
[EventType "team-tourn"]
[EventRounds "11"]
[EventCountry "SVK"]
[SourceTitle "EXT 2025"]
[Source "ChessBase"]
[SourceDate "2024.10.14"]
[SourceVersion "1"]
[SourceVersionDate "2024.10.14"]
[SourceQuality "1"]
[WhiteTeam "Tlmace"]
[BlackTeam "Trencin"]
[WhiteTeamCountry "SVK"]
[BlackTeamCountry "SVK"]

1. d4 Nf6 2. c4 g6 3. Nc3 d5 4. cxd5 Nxd5 5. e4 Nxc3 6. bxc3 Bg7 7. Bc4 0-0 8. Ne2 c5 9. 0-0 cxd4 10. cxd4 Nc6 11. Be3 Rb8 12. Rb1 Na5 13. Bb5 a6 14. Bxa6 Be6 15. Bf4 Bxa2 16. Rb2 e5 17. Bxe5 Bxe5 18. dxe5 Qxd1 19. Rxd1 Be6 20. Bb5 Nc4 21. Bxc4 Bxc4 22. f4 b5 23. Nc3 Rb7 24. Nd5 Rfb8 25. Rd4 Bxd5 26. exd5 Kf8 27. d6 Ke8 28. Kf2 Kd7 29. Ke3 Ke6 30. g4 f6 31. exf6 Kxf6 32. Ke4 Ke6 33. f5+ gxf5+ 34. gxf5+ Kd7 35. Rg2 Kc6 36. f6 b4 37. Kf5 b3 38. Rb2 Kd7 39. f7 Rf8 40. Kf6 Kc6 41. d7 Kc5 42. d8Q Rbxf7+ 43. Ke6 Rf6+ 44. Qxf6 Rxf6+ 45. Kxf6 Kxd4 46. Rxb3 1-0

[Event "SVK-chT3B2 2223"]
[Site "Slovakia"]
[Date "2022.11.06"]
[Round "2.6"]
[White "Sopko, Rudolf"]
[Black "Duda, Daniel"]
[Result "1-0"]
[WhiteElo "1655"]
[BlackElo "1448"]
[PlyCount "47"]
[EventDate "2022.10.23"]
[EventType "team-tourn"]
[EventRounds "11"]
[EventCountry "SVK"]
[SourceTitle "EXT 2024"]
[Source "ChessBase"]
[SourceDate "2023.10.10"]
[SourceVersion "1"]
[SourceVersionDate "2023.10.10"]
[SourceQuality "1"]
[WhiteTeam "Trencin PK"]
[BlackTeam "Dubnica nad Vahom IV"]
[WhiteTeamCountry "SVK"]
[BlackTeamCountry "SVK"]

1. e4 c6 2. d4 d5 3. Nc3 Nf6 4. e5 Ne4 5. Nxe4 dxe4 6. Bc4 Bf5 7. c3 e6 8. Ne2 a5 9. a4 Be7 10. Ng3 Bg6 11. Qe2 Qc7 12. Nxe4 0-0 13. h4 Bxe4 14. Qxe4 c5 15. d5 exd5 16. Bxd5 Nc6 17. Bf4 Qb6 18. Rb1 Rad8 19. h5 Rfe8 20. Bc4 Bf6 21. e6 fxe6 22. Bd3 Re7 23. Qxh7+ Kf8 24. Qh8+ 1-0

[Event "SVK-chT3B2 2122"]
[Site "Slovakia"]
[Date "2022.04.10"]
[Round "8.5"]
[White "Sunal, Miroslav"]
[Black "Sopko, Rudolf"]
[Result "1/2-1/2"]
[WhiteElo "1589"]
[BlackElo "1655"]
[PlyCount "22"]
[EventDate "2021.10.24"]
[EventType "team-tourn"]
[EventRounds "11"]
[EventCountry "SVK"]
[SourceTitle "EXT 2024"]
[Source "ChessBase"]
[SourceDate "2023.10.10"]
[SourceVersion "1"]
[SourceVersionDate "2023.10.10"]
[SourceQuality "1"]
[WhiteTeam "Lehota pod Vtacnikom"]
[BlackTeam "Trencin"]
[WhiteTeamCountry "SVK"]
[BlackTeamCountry "SVK"]

1. e4 e6 2. d4 d5 3. e5 c5 4. c3 Ne7 5. Nf3 Nf5 6. Bd3 Nc6 7. 0-0 Bd7 8. Bxf5 exf5 9. h3 cxd4 10. cxd4 Be7 11. Nc3 Be6 1/2-1/2

[Event "SVK-chT3B2 2122"]
[Site "Slovakia"]
[Date "2022.03.13"]
[Round "6.3"]
[White "Zahorcek, Jakub"]
[Black "Sopko, Rudolf"]
[Result "1/2-1/2"]
[WhiteElo "1676"]
[BlackElo "1655"]
[PlyCount "104"]
[EventDate "2021.10.24"]
[EventType "team-tourn"]
[EventRounds "11"]
[EventCountry "SVK"]
[SourceTitle "EXT 2024"]
[Source "ChessBase"]
[SourceDate "2023.10.10"]
[SourceVersion "1"]
[SourceVersionDate "2023.10.10"]
[SourceQuality "1"]
[WhiteTeam "Povazske Podhradie II"]
[BlackTeam "Trencin"]
[WhiteTeamCountry "SVK"]
[BlackTeamCountry "SVK"]

1. d4 Nf6 2. Nf3 e6 3. Bf4 Nc6 4. e3 Ne4 5. Nbd2 d5 6. Bb5 Bd7 7. Nxe4 dxe4 8. Bxc6 Bxc6 9. Ne5 Bd6 10. Nxc6 bxc6 11. Bg3 0-0 12. 0-0 Rb8 13. Rb1 Qg5 14. c3 Qa5 15. a3 Rb7 16. Qc2 f5 17. b4 Qb6 18. Qb3 Rf6 19. c4 Bxg3 20. hxg3 a5 21. Qc3 a4 22. Rfd1 Ra7 23. d5 cxd5 24. cxd5 h6 25. Rbc1 Kh7 26. Qc4 exd5 27. Rxd5 c6 28. Rd2 h5 29. Qc5 Qxc5 30. Rxc5 Kg6 31. Rdc2 Ra6 32. Kf1 Kg5 33. f3 h4 34. gxh4+ Kxh4 35. Kf2 g5 36. Rc1 Kh5 37. fxe4 fxe4+ 38. Kg3 Kg6 39. Kg4 Rf2 40. Rxc6+ Rxc6 41. Rxc6+ Kf7 42. Kxg5 Rxg2+ 43. Kf4 Ra2 44. Rc3 Ke6 45. Kxe4 Rb2 46. Kd4 Kd6 47. e4 Rd2+ 48. Rd3 Rc2 49. e5+ Ke6 50. Re3 Rc1 51. b5 Rb1 52. Kc4 Rb2 1/2-1/2

[Event "SVK-chT3B2 1920"]
[Site "Slovakia"]
[Date "2020.06.21"]
[Round "10.5"]
[White "Sosovickova, Martina"]
[Black "Sopko, Rudolf"]
[Result "0-1"]
[WhiteElo "1339"]
[BlackElo "1722"]
[PlyCount "94"]
[EventDate "2019.10.06"]
[EventType "team-tourn"]
[EventRounds "11"]
[EventCountry "SVK"]
[SourceTitle "EXT 2022"]
[Source "ChessBase"]
[SourceDate "2021.10.06"]
[SourceVersion "1"]
[SourceVersionDate "2021.10.06"]
[SourceQuality "1"]
[WhiteTeam "Dubnica nad Vahom IV"]
[BlackTeam "Trencin II"]
[WhiteTeamCountry "SVK"]
[BlackTeamCountry "SVK"]

1. e4 e5 2. Nf3 Nf6 3. Nc3 Nc6 4. d4 exd4 5. Nxd4 d6 6. Be3 a6 7. a4 Ng4 8. Qd2 Be7 9. Be2 Nce5 10. 0-0 h6 11. h3 Nxe3 12. Qxe3 Bd7 13. Nd5 Bh4 14. Nf3 Bg5 15. Nxg5 hxg5 16. f4 gxf4 17. Nxf4 Qg5 18. Ra3 Rh6 19. Nd5 Qxe3+ 20. Rxe3 0-0-0 21. b3 Rdh8 22. c4 Be6 23. Nf4 Bd7 24. Nd5 Kd8 25. Nf4 f6 26. Nd3 a5 27. Nxe5 dxe5 28. Rg3 g5 29. Bg4 Bxg4 30. Rxg4 Ke7 31. Rd1 Rd8 32. Rxd8 Kxd8 33. Rg3 Rh4 34. Rg4 Rh7 35. Rg3 Rd7 36. Re3 Rd2 37. Rf3 Ke7 38. Rf2 Rd4 39. Re2 Rd3 40. Rb2 Re3 41. b4 Rxe4 42. bxa5 Rxc4 43. Rxb7 Kd7 44. a6 Rxa4 45. Ra7 Kc6 46. Kf2 Ra3 47. Ke2 f5 0-1

[Event "SVK-chT3B2 1920"]
[Site "Slovakia"]
[Date "2019.10.06"]
[Round "1.5"]
[White "Sunal, Miroslav"]
[Black "Sopko, Rudolf"]
[Result "0-1"]
[WhiteElo "1592"]
[BlackElo "1722"]
[PlyCount "27"]
[EventDate "2019.10.06"]
[EventType "team-tourn"]
[EventRounds "11"]
[EventCountry "SVK"]
[SourceTitle "CBM 193 Extra"]
[Source "ChessBase"]
[SourceDate "2020.01.31"]
[SourceVersion "1"]
[SourceVersionDate "2020.01.31"]
[SourceQuality "1"]
[WhiteTeam "Lehota pod Vtacnikom"]
[BlackTeam "Trencin II"]
[WhiteTeamCountry "SVK"]
[BlackTeamCountry "SVK"]

1. e4 e5 2. Nf3 Nf6 3. d4 Nxe4 4. dxe5 d5 5. Bd3 Bf5 6. 0-0 Be7 7. Be3 0-0 8. Nd4 Bg6 9. f4 c5 10. f5 cxd4 11. Bxd4 Nc6 12. Bc3 Qb6+ 13. Rf2 Qxf2+ 14. Kh1 0-1

[Event "SVK-chT3B2 1718"]
[Site "Slovakia"]
[Date "2017.12.17"]
[Round "6.5"]
[White "Sopko, Rudolf"]
[Black "Vitek, Frantisek"]
[Result "1-0"]
[WhiteElo "1772"]
[BlackElo "1689"]
[PlyCount "89"]
[EventDate "2017.10.08"]
[EventType "team-tourn"]
[EventRounds "11"]
[EventCountry "SVK"]
[SourceTitle "EXT 2019"]
[Source "ChessBase"]
[SourceDate "2018.10.10"]
[SourceVersion "1"]
[SourceVersionDate "2018.10.10"]
[SourceQuality "1"]
[WhiteTeam "Trencin II"]
[BlackTeam "Povazska Bystrica Sparta II"]
[WhiteTeamCountry "SVK"]
[BlackTeamCountry "SVK"]

1. e4 c5 2. Bc4 e6 3. Nc3 a6 4. a4 Nc6 5. Nf3 d6 6. d4 cxd4 7. Nxd4 Nf6 8. 0-0 Be7 9. Kh1 0-0 10. Be3 Qc7 11. Ba2 Rd8 12. f4 Nxd4 13. Bxd4 e5 14. Be3 Bd7 15. f5 Bc6 16. Nd5 Bxd5 17. exd5 Nd7 18. c3 f6 19. Rc1 b5 20. Rf3 Rdb8 21. b4 bxa4 22. Qxa4 Nb6 23. Qc6 Qb7 24. Rg3 Kf7 25. h4 Bf8 26. h5 h6 27. Rg4 Nc8 28. Bb3 Na7 29. Qxb7+ Rxb7 30. Ba4 Rc7 31. c4 Nc8 32. Bc6 Rb8 33. b5 axb5 34. cxb5 Nb6 35. Ra1 Re7 36. Ra6 Nd7 37. Rc4 Rd8 38. b6 Nc5 39. Ra7 Rb8 40. Bxc5 dxc5 41. d6 Rxa7 42. bxa7 Rb1+ 43. Kh2 Bxd6 44. a8Q e4+ 45. g3 1-0

[Event "SVK-chT1W 1415"]
[Site "Slovakia"]
[Date "2015.01.11"]
[Round "6.1"]
[White "Capak, Stefan"]
[Black "Sopko, Rudolf"]
[Result "1-0"]
[WhiteElo "2063"]
[BlackElo "1839"]
[PlyCount "57"]
[EventDate "2014.10.18"]
[EventType "team-tourn"]
[EventRounds "11"]
[EventCountry "SVK"]
[SourceTitle "EXT 2016"]
[Source "ChessBase"]
[SourceDate "2015.10.08"]
[SourceVersion "1"]
[SourceVersionDate "2015.10.08"]
[SourceQuality "1"]
[WhiteTeam "Povazska Bystrica SK Sparta"]
[BlackTeam "Trencin SK"]
[WhiteTeamCountry "SVK"]
[BlackTeamCountry "SVK"]

1. d4 Nf6 2. Nf3 d5 3. c4 g6 4. e3 Bg7 5. Be2 0-0 6. 0-0 c6 7. b3 Ne4 8. Bb2 Nd7 9. Qc2 e6 10. Nbd2 f5 11. Nxe4 fxe4 12. Nd2 Qg5 13. f4 exf3 14. Nxf3 Qxe3+ 15. Kh1 Qe4 16. Bd3 Qg4 17. Rae1 Rf6 18. Be2 Rf4 19. Bc1 Rf6 20. Be3 Qf5 21. Qd2 Qg4 22. Bg5 Rf5 23. Bd3 Nf6 24. Bxf5 gxf5 25. Bxf6 Bxf6 26. Ne5 Qg7 27. Rf3 Qe7 28. Qh6 Bg7 29. Rg3 1-0

[Event "SVK-chT1W 1415"]
[Site "Slovakia"]
[Date "2015.01.10"]
[Round "5.2"]
[White "Reisel, Frantisek"]
[Black "Sopko, Rudolf"]
[Result "1-0"]
[WhiteElo "1992"]
[BlackElo "1839"]
[PlyCount "89"]
[EventDate "2014.10.18"]
[EventType "team-tourn"]
[EventRounds "11"]
[EventCountry "SVK"]
[SourceTitle "EXT 2016"]
[Source "ChessBase"]
[SourceDate "2015.10.08"]
[SourceVersion "1"]
[SourceVersionDate "2015.10.08"]
[SourceQuality "1"]
[WhiteTeam "Prievidza SK"]
[BlackTeam "Trencin SK"]
[WhiteTeamCountry "SVK"]
[BlackTeamCountry "SVK"]

1. d4 Nf6 2. c4 g6 3. Nc3 d5 4. cxd5 Nxd5 5. Bd2 Bg7 6. e4 Nxc3 7. Bxc3 0-0 8. Bc4 c6 9. a4 b6 10. Ne2 Ba6 11. Qb3 Bxc4 12. Qxc4 Qc8 13. 0-0 Qa6 14. Qxa6 Nxa6 15. Rac1 c5 16. Rfd1 Rfd8 17. d5 Rac8 18. f4 Nb4 19. Bxg7 Kxg7 20. Nc3 Rd7 21. Kf2 a6 22. Ke3 Rcd8 23. g4 f6 24. h4 f5 25. gxf5 gxf5 26. Rg1+ Kf7 27. Rg5 fxe4 28. Kxe4 e6 29. Rd1 exd5+ 30. Nxd5 Nxd5 31. Rdxd5 Re7+ 32. Rge5 Rxd5 33. Rxe7+ Kxe7 34. Kxd5 Kd7 35. f5 h5 36. f6 Ke8 37. Kc6 b5 38. axb5 axb5 39. Kxb5 Kf7 40. Kxc5 Kxf6 41. b4 Kf5 42. b5 Kg4 43. b6 Kxh4 44. b7 Kg3 45. b8Q+ 1-0

[Event "SVK-chT1W 1415"]
[Site "Slovakia"]
[Date "2014.11.29"]
[Round "3.4"]
[White "Cambel, Vladimir"]
[Black "Sopko, Rudolf"]
[Result "0-1"]
[WhiteElo "2041"]
[BlackElo "1839"]
[PlyCount "68"]
[EventDate "2014.10.18"]
[EventType "team-tourn"]
[EventRounds "11"]
[EventCountry "SVK"]
[SourceTitle "EXT 2016"]
[Source "ChessBase"]
[SourceDate "2015.10.08"]
[SourceVersion "1"]
[SourceVersionDate "2015.10.08"]
[SourceQuality "1"]
[WhiteTeam "Bratislava Slovan III"]
[BlackTeam "Trencin SK"]
[WhiteTeamCountry "SVK"]
[BlackTeamCountry "SVK"]

1. Nf3 Nf6 2. c4 g6 3. g3 Bg7 4. Bg2 c6 5. 0-0 0-0 6. d4 d5 7. Nbd2 Na6 8. Ne5 Ng4 9. Nxg4 Bxg4 10. cxd5 cxd5 11. Nf3 Qb6 12. Ne5 Be6 13. b3 Nb4 14. Bb2 Rfc8 15. a3 Nc6 16. e3 Na5 17. b4 Nc4 18. Nxc4 Rxc4 19. Qe2 Rac8 20. Rac1 a5 21. Rxc4 Rxc4 22. bxa5 Qxa5 23. Rc1 b5 24. Rxc4 bxc4 25. Bc1 Bf5 26. e4 dxe4 27. Bxe4 Bxd4 28. Bxf5 Qxf5 29. Be3 Qb1+ 30. Kg2 Bxe3 31. Qxe3 Qb3 32. Kf1 c3 33. Qxe7 Qd1+ 34. Qe1 c2 0-1

[Event "SVK-chT2B 1314"]
[Site "Slovakia"]
[Date "2014.01.12"]
[Round "6.5"]
[White "Sopko, Rudolf"]
[Black "Hoppan, Igor"]
[Result "1/2-1/2"]
[WhiteElo "1863"]
[BlackElo "1641"]
[PlyCount "82"]
[EventDate "2013.10.19"]
[EventType "team-tourn"]
[EventRounds "11"]
[EventCountry "SVK"]
[SourceTitle "EXT 2015"]
[Source "ChessBase"]
[SourceDate "2014.11.20"]
[SourceVersion "1"]
[SourceVersionDate "2014.11.20"]
[SourceQuality "1"]
[WhiteTeam "Trencin II"]
[BlackTeam "Prievidza II"]
[WhiteTeamCountry "SVK"]
[BlackTeamCountry "SVK"]

1. e4 e5 2. Bc4 Nc6 3. Nf3 d6 4. d4 exd4 5. Ng5 Ne5 6. Qxd4 Be7 7. f4 Bxg5 8. fxg5 Be6 9. Na3 Ne7 10. Bxe6 fxe6 11. 0-0 N7c6 12. Qa4 Qe7 13. Be3 Ng4 14. Bd2 0-0-0 15. h3 Nge5 16. b4 d5 17. exd5 Rxd5 18. Bc3 Qxg5 19. Rae1 a6 20. b5 Nb8 21. bxa6 Nxa6 22. Nc4 Nxc4 23. Qxc4 Nc5 24. Rf7 Qg6 25. Rxg7 Qxc2 26. Qf4 Na6 27. Rxc7+ Nxc7 28. Bxh8 Qxa2 29. Rc1 Qa7+ 30. Kh2 b5 31. Be5 Rd7 32. Qf8+ Kb7 33. Rxc7+ Rxc7 34. Bxc7 Kxc7 35. Qe7+ Kb6 36. Qxe6+ Ka5 37. Qa2+ Kb6 38. Qf2+ Ka6 39. Qa2+ Kb6 40. Qe6+ Ka5 41. Qe1+ Kb6 1/2-1/2

[Event "SVK-chT2B 1314"]
[Site "Slovakia"]
[Date "2013.11.23"]
[Round "3.8"]
[White "Novotny, Michal1"]
[Black "Sopko, Rudolf"]
[Result "1-0"]
[WhiteElo "1964"]
[BlackElo "1863"]
[PlyCount "57"]
[EventDate "2013.10.19"]
[EventType "team-tourn"]
[EventRounds "11"]
[EventCountry "SVK"]
[SourceTitle "EXT 2015"]
[Source "ChessBase"]
[SourceDate "2014.11.20"]
[SourceVersion "1"]
[SourceVersionDate "2014.11.20"]
[SourceQuality "1"]
[WhiteTeam "Tlmace"]
[BlackTeam "Trencin II"]
[WhiteTeamCountry "SVK"]
[BlackTeamCountry "SVK"]

1. e4 e5 2. Nf3 Nf6 3. Nc3 Nc6 4. Bc4 Bc5 5. 0-0 d6 6. Na4 Bg4 7. c3 Qd7 8. Nxc5 dxc5 9. d3 a6 10. a4 h6 11. Be3 b6 12. h3 Bh5 13. Re1 g5 14. d4 exd4 15. cxd4 g4 16. e5 0-0-0 17. exf6 gxf3 18. dxc5 Qf5 19. Bxa6+ Kb8 20. Qb1 Qd7 21. cxb6 cxb6 22. Bf4+ Ka7 23. Bb5 fxg2 24. Re7 Nxe7 25. Bxd7 Rxd7 26. fxe7 Rxe7 27. a5 b5 28. Qf5 Bg6 29. Qc5+ 1-0

[Event "SVK-chT2B 1314"]
[Site "Slovakia"]
[Date "2013.10.19"]
[Round "1.6"]
[White "Sopko, Rudolf"]
[Black "Lukacovic, Miroslav"]
[Result "0-1"]
[WhiteElo "1863"]
[BlackElo "2003"]
[PlyCount "76"]
[EventDate "2013.10.19"]
[EventType "team-tourn"]
[EventRounds "11"]
[EventCountry "SVK"]
[SourceTitle "EXT 2015"]
[Source "ChessBase"]
[SourceDate "2014.11.20"]
[SourceVersion "1"]
[SourceVersionDate "2014.11.20"]
[SourceQuality "1"]
[WhiteTeam "Trencin II"]
[BlackTeam "Sala"]
[WhiteTeamCountry "SVK"]
[BlackTeamCountry "SVK"]

1. e4 e6 2. Nc3 c5 3. Nf3 Nc6 4. Bc4 a6 5. a3 g6 6. d3 Bg7 7. Be3 d6 8. Qd2 Nge7 9. Ba2 b5 10. 0-0 0-0 11. Rab1 Nd4 12. Ne2 Nxf3+ 13. gxf3 Nc6 14. Bg5 Ne5 15. Kg2 Qd7 16. f4 Nc6 17. Bh4 e5 18. Qe3 Qg4+ 19. Qg3 Qxe2 20. Bd5 exf4 21. Qxf4 Be5 22. Qe3 Qg4+ 23. Bg3 Bd7 24. f4 Bd4 25. Qd2 Rac8 26. f5 Be5 27. Rf2 Kg7 28. Rbf1 g5 29. Rf3 f6 30. c3 Ne7 31. Bb3 Bc6 32. Be6 Rcd8 33. Rh1 Qh5 34. Qe3 Bd7 35. Bb3 Nxf5 36. exf5 Bc6 37. Be6 g4 38. Kf2 Bxf3 0-1